[Event "Rome Elo op 3rd"]
[Site "Rome"]
[Date "2009.04.08"]
[Round "5"]
[White "Gardon, Ermanno"]
[Black "Vertechi, Pietro"]
[Result "1-0"]
[WhiteElo "2144"]
[BlackElo "1882"]
[PlyCount "99"]
[EventDate "2009.03.11"]
[EventType "swiss"]
[EventRounds "6"]
[EventCountry "ITA"]
[SourceTitle "EXT 2011"]
[Source "ChessBase"]
[SourceDate "2010.11.26"]
[SourceVersion "1"]
[SourceVersionDate "2010.11.26"]
[SourceQuality "1"]

1. c4 c6 2. g3 d5 3. Bg2 Nf6 4. Nf3 Bf5 5. 0-0 e6 6. d3 h6 7. Be3 Nbd7 8. Nc3 Bd6 9. Qb3 Qb8 10. a4 0-0 11. a5 Ng4 12. Bd2 b6 13. Nd4 bxa5 14. Qa2 Qb6 15. Nxf5 exf5 16. cxd5 Bc5 17. e3 cxd5 18. Nxd5 Qe6 19. Qxa5 Rab8 20. Bc3 Rfc8 21. Rfc1 Nb6 22. Nf4 Qe7 23. Qxa7 Qxa7 24. Rxa7 Nxe3 25. Re1 Ned5 26. Bxd5 Nxd5 27. Nxd5 Bxa7 28. Ne7+ Kf8 29. Nxc8 Rxc8 30. Re5 Rd8 31. Rxf5 Rxd3 32. Ra5 Rd7 33. Kg2 Bd4 34. Bb4+ Kg8 35. b3 Rb7 36. Ra4 Bf6 37. Kf3 Kh7 38. Ke4 Kg6 39. Kd5 Rd7+ 40. Kc4 Rd4+ 41. Kb5 Rd3 42. Ra3 Bb2 43. Ra6+ Kf5 44. Ka4 Rf3 45. Bc5 Kg4 46. b4 Kh3 47. b5 Kxh2 48. b6 Be5 49. b7 Rc3 50. Bd6 1-0

[Event "Rome Elo op 3rd"]
[Site "Rome"]
[Date "2009.04.01"]
[Round "4"]
[White "Quimi, Marco"]
[Black "Gardon, Ermanno"]
[Result "1-0"]
[WhiteElo "2245"]
[BlackElo "2144"]
[PlyCount "87"]
[EventDate "2009.03.11"]
[EventType "swiss"]
[EventRounds "6"]
[EventCountry "ITA"]
[SourceTitle "EXT 2011"]
[Source "ChessBase"]
[SourceDate "2010.11.26"]
[SourceVersion "1"]
[SourceVersionDate "2010.11.26"]
[SourceQuality "1"]

1. d4 e6 2. Nf3 f5 3. c4 Nf6 4. Nc3 d5 5. cxd5 exd5 6. Bg5 c6 7. e3 Be7 8. Qb3 Nbd7 9. Bd3 Ne4 10. Bxe7 Qxe7 11. 0-0 Ndf6 12. Rad1 0-0 13. Ne5 Be6 14. f3 Nd6 15. Na4 Nd7 16. f4 Kh8 17. Rc1 Nf6 18. Qa3 Nfe4 19. Rf3 Qd8 20. Rh3 Rf6 21. Nc5 Nxc5 22. Qxc5 Ne4 23. Qb4 Qb6 24. Qxb6 axb6 25. a3 c5 26. Bxe4 fxe4 27. Rh5 g6 28. Rh6 Rc8 29. g4 Kg7 30. Rc3 cxd4 31. Rxc8 Bxc8 32. exd4 Rxf4 33. Rh3 Bxg4 34. Rc3 Be6 35. Kg2 Kf6 36. Rb3 e3 37. Rxe3 Rxd4 38. Nf3 Re4 39. Rb3 d4 40. Rxb6 d3 41. Kg3 h5 42. h4 Ke7 43. Rxb7+ Kd6 44. Rb4 1-0

[Event "Cappelle op 22nd"]
[Site "Cappelle la Grande"]
[Date "2006.02.21"]
[Round "5"]
[White "Gardon, Ermanno"]
[Black "Hebden, Mark"]
[Result "0-1"]
[WhiteElo "2158"]
[BlackElo "2514"]
[PlyCount "94"]
[EventDate "2006.02.18"]
[EventType "swiss"]
[EventRounds "10"]
[EventCountry "FRA"]
[SourceTitle "CBM 110 Extra"]
[Source "ChessBase"]
[SourceDate "2006.03.10"]
[SourceVersion "2"]
[SourceVersionDate "2006.03.10"]
[SourceQuality "1"]

1. e4 e5 2. Nf3 Nc6 3. Bc4 Nf6 4. d3 Be7 5. c3 0-0 6. 0-0 d6 7. h3 Na5 8. Bb5 a6 9. Ba4 b5 10. Bc2 c5 11. Nbd2 Re8 12. Re1 Bf8 13. Nf1 g6 14. Ng3 Bg7 15. Nh2 d5 16. exd5 Qxd5 17. Nf3 Bb7 18. Qe2 c4 19. Bg5 Qc6 20. Bxf6 Qxf6 21. dxc4 Bxf3 22. Qxf3 Qxf3 23. gxf3 Nxc4 24. b3 Na3 25. Be4 Rac8 26. Ne2 f5 27. Bd5+ Kf8 28. Rac1 Rc7 29. Kg2 Rd8 30. Rcd1 Rcd7 31. c4 bxc4 32. bxc4 Nxc4 33. Bxc4 Rxd1 34. Rxd1 Rxd1 35. Bxa6 Bh6 36. a4 Bd2 37. Kg3 Ra1 38. Bb5 Ke7 39. Kg2 Kf6 40. Ng3 Kg5 41. Ne2 Kh4 42. Ng3 Ra2 43. Ne2 Be1 44. Kf1 Ba5 45. Kg2 Bb6 46. Kh2 Bxf2 47. Kg2 Bb6 0-1

[Event "Falconara Marittima op 2nd"]
[Site "Falconara Marittima"]
[Date "2005.07.19"]
[Round "3"]
[White "Tomba, Ivan"]
[Black "Gardon, Ermanno"]
[Result "1-0"]
[WhiteElo "2232"]
[BlackElo "2178"]
[PlyCount "71"]
[EventDate "2005.07.18"]
[EventType "swiss"]
[EventRounds "9"]
[EventCountry "ITA"]
[SourceTitle "EXT 2007"]
[Source "ChessBase"]
[SourceDate "2006.11.23"]
[SourceVersion "1"]
[SourceVersionDate "2006.11.23"]
[SourceQuality "1"]

1. e4 e6 2. d4 d5 3. e5 c5 4. c3 Nc6 5. Nf3 Nge7 6. a3 cxd4 7. cxd4 Nf5 8. Nc3 Bd7 9. b4 Rc8 10. Bb2 Be7 11. Bd3 g6 12. 0-0 a6 13. Na4 Na7 14. Re1 Bxa4 15. Qxa4+ Qd7 16. Qd1 b5 17. Qd2 Nc6 18. Rec1 Qb7 19. Rc2 h6 20. g4 Nh4 21. Nxh4 Bxh4 22. f4 Bd8 23. f5 gxf5 24. gxf5 Nxe5 25. dxe5 Rg8+ 26. Kf2 d4 27. Rg1 Bg5 28. Rxc8+ Qxc8 29. Ke2 Qc7 30. Qc2 Qxe5+ 31. Kd1 Kd7 32. fxe6+ fxe6 33. Qe2 Qd5 34. h4 Qb3+ 35. Qc2 Qxc2+ 36. Bxc2 1-0

[Event "Falconara Marittima op 2nd"]
[Site "Falconara Marittima"]
[Date "2005.07.18"]
[Round "1"]
[White "Gardon, Ermanno"]
[Black "Giacometti, Carlo"]
[Result "1-0"]
[WhiteElo "2178"]
[BlackElo "2089"]
[PlyCount "93"]
[EventDate "2005.07.18"]
[EventType "swiss"]
[EventRounds "9"]
[EventCountry "ITA"]
[SourceTitle "EXT 2007"]
[Source "ChessBase"]
[SourceDate "2006.11.23"]
[SourceVersion "1"]
[SourceVersionDate "2006.11.23"]
[SourceQuality "1"]

1. c4 e6 2. e4 d5 3. exd5 exd5 4. d4 Nf6 5. Nc3 Be7 6. Bd3 0-0 7. Nge2 Nc6 8. 0-0 Bg4 9. Be3 Nb4 10. cxd5 Nxd3 11. Qxd3 Nxd5 12. Ng3 Re8 13. Rac1 c6 14. a3 Bh4 15. Bd2 Nxc3 16. Bxc3 Qd5 17. f3 Bd7 18. Rfe1 f5 19. Qd2 f4 20. Rxe8+ Rxe8 21. Ne4 Bd8 22. Qxf4 Bf5 23. Nd6 Bc7 24. Qxf5 Qxd6 25. Qh5 g6 26. Qh6 Bb6 27. Rd1 Re7 28. Qh4 Rf7 29. Qe4 Re7 30. Qh4 Rf7 31. Qe1 Rf4 32. Qe8+ Kg7 33. Qe3 c5 34. Qe5+ Qxe5 35. dxe5 Kf8 36. Kf1 Ke7 37. Ke2 Bc7 38. g3 Rf5 39. f4 g5 40. Ke3 gxf4+ 41. gxf4 Ke6 42. Ke4 Rh5 43. Rd2 Rh4 44. Rg2 b5 45. Rg7 Bb6 46. Be1 Rh5 47. Bf2 1-0

[Event "Porto San Giorgio op 15th"]
[Site "Porto San Giorgo"]
[Date "2003.08.26"]
[Round "6"]
[White "Gardon, Ermanno"]
[Black "Aleksic, Nenad"]
[Result "1/2-1/2"]
[WhiteElo "2148"]
[BlackElo "2369"]
[PlyCount "30"]
[EventDate "2003.08.21"]
[EventType "swiss"]
[EventRounds "9"]
[EventCountry "ITA"]
[SourceTitle "CBM 095 Extra"]
[Source "ChessBase"]
[SourceDate "2003.09.04"]
[SourceVersion "1"]
[SourceVersionDate "2003.09.04"]
[SourceQuality "1"]

1. e4 c5 2. Nf3 d6 3. d4 cxd4 4. Nxd4 Nf6 5. Nc3 a6 6. f4 e6 7. Qf3 Qb6 8. Nb3 Qc7 9. g4 Nc6 10. g5 Nd7 11. Bd3 b5 12. Be3 Bb7 13. 0-0-0 Nb4 14. Kb1 Be7 15. Rhg1 Rc8 1/2-1/2

[Event "Porto San Giorgio op 15th"]
[Site "Porto San Giorgo"]
[Date "2003.08.25"]
[Round "5"]
[White "Kuljasevic, Davorin"]
[Black "Gardon, Ermanno"]
[Result "1-0"]
[WhiteElo "2419"]
[BlackElo "2148"]
[PlyCount "29"]
[EventDate "2003.08.21"]
[EventType "swiss"]
[EventRounds "9"]
[EventCountry "ITA"]
[SourceTitle "CBM 095 Extra"]
[Source "ChessBase"]
[SourceDate "2003.09.04"]
[SourceVersion "1"]
[SourceVersionDate "2003.09.04"]
[SourceQuality "1"]

1. d4 Nf6 2. Nf3 e6 3. c4 d5 4. g3 Nc6 5. Bg2 dxc4 6. Qa4 Be7 7. 0-0 0-0 8. Qxc4 a6 9. Nbd2 Rb8 10. e4 Qe8 11. Qe2 b5 12. Nb3 Bb4 13. Bf4 Qe7 14. a3 Ba5 15. Ne5 1-0

[Event "Marche Estate op 1st"]
[Site "Marche Estate"]
[Date "2003.07.21"]
[Round "1"]
[White "Gardon, Ermanno"]
[Black "Efimov, Igor"]
[Result "0-1"]
[WhiteElo "2148"]
[BlackElo "2479"]
[PlyCount "86"]
[EventDate "2003.07.21"]
[EventType "swiss"]
[EventRounds "9"]
[EventCountry "ITA"]
[SourceTitle "CBM 095 Extra"]
[Source "ChessBase"]
[SourceDate "2003.09.04"]
[SourceVersion "1"]
[SourceVersionDate "2003.09.04"]
[SourceQuality "1"]

1. e4 c5 2. Nf3 Nc6 3. d4 cxd4 4. Nxd4 Nf6 5. Nc3 d6 6. f4 Bd7 7. Nf3 g6 8. Bd3 Bg7 9. 0-0 0-0 10. Qe1 Qa5 11. Kh1 Rac8 12. Qh4 Qh5 13. Qxh5 Nxh5 14. Bd2 Bxc3 15. bxc3 Na5 16. Rab1 b6 17. Rb4 Rc5 18. Nd4 Rc7 19. Nb5 Bxb5 20. Bxb5 Nf6 21. Rd4 Nb7 22. e5 Nd7 23. Bxd7 Rxd7 24. f5 Rc7 25. exd6 Nxd6 26. f6 Nf5 27. fxe7 Rxe7 28. Rd3 Re4 29. Kg1 Rfe8 30. Ra1 Ra4 31. Kf2 h5 32. Bg5 Kg7 33. Be3 Re6 34. Bg5 Re5 35. Bc1 Rae4 36. Bd2 Ne7 37. Re1 Rxe1 38. Bxe1 Ra5 39. Rd7 Kf6 40. Ke2 Ke6 41. Rb7 Rxa2 42. Kd2 Nf5 43. Bf2 Nd6 0-1

[Event "Crema op 04th"]
[Site "Crema"]
[Date "2002.09.08"]
[Round "5"]
[White "Gardon, Ermanno"]
[Black "Brunello, Sabino"]
[Result "1-0"]
[WhiteElo "2108"]
[BlackElo "1957"]
[PlyCount "85"]
[EventDate "2002.09.06"]
[EventType "swiss"]
[EventRounds "6"]
[EventCountry "ITA"]
[SourceTitle "EXT 2007"]
[Source "ChessBase"]
[SourceDate "2006.11.23"]
[SourceVersion "1"]
[SourceVersionDate "2006.11.23"]
[SourceQuality "1"]

1. Nf3 d5 2. g3 c6 3. Bg2 Bf5 4. d3 Nf6 5. 0-0 e6 6. Nbd2 Be7 7. Qe1 h6 8. e4 Bh7 9. Qe2 0-0 10. Re1 Re8 11. e5 Nfd7 12. Nf1 a5 13. h4 Na6 14. N1h2 b5 15. Bf4 a4 16. c3 b4 17. c4 Nac5 18. Red1 Nf8 19. h5 b3 20. Nd4 Qb6 21. a3 Red8 22. Be3 Qa6 23. Rac1 Rac8 24. Ng4 dxc4 25. dxc4 Bd3 26. Nxh6+ gxh6 27. Qg4+ Bg5 28. Bxg5 hxg5 29. Qxg5+ Ng6 30. Nxc6 Rd7 31. Nb4 Qa7 32. Nxd3 Nxd3 33. Rxd3 Rxd3 34. hxg6 Qd7 35. gxf7+ Kxf7 36. Qf6+ Kg8 37. Be4 Rd1+ 38. Rxd1 Qxd1+ 39. Kg2 Qd7 40. Qg6+ Kf8 41. Qh6+ Kg8 42. Bh7+ Kh8 43. Bf5+ 1-0

[Event "Crema op 04th"]
[Site "Crema"]
[Date "2002.09.07"]
[Round "4"]
[White "Prati, Alessandro"]
[Black "Gardon, Ermanno"]
[Result "0-1"]
[WhiteElo "1624"]
[BlackElo "2108"]
[PlyCount "64"]
[EventDate "2002.09.06"]
[EventType "swiss"]
[EventRounds "6"]
[EventCountry "ITA"]
[SourceTitle "EXT 2007"]
[Source "ChessBase"]
[SourceDate "2006.11.23"]
[SourceVersion "1"]
[SourceVersionDate "2006.11.23"]
[SourceQuality "1"]

1. d4 d5 2. Nf3 Nf6 3. Bg5 Nbd7 4. e3 e6 5. Bd3 c5 6. c3 Be7 7. 0-0 0-0 8. Ne5 Nxe5 9. dxe5 Nd7 10. Bxe7 Qxe7 11. f4 f6 12. Qh5 g6 13. Bxg6 hxg6 14. Qxg6+ Qg7 15. Qh5 fxe5 16. Rf3 exf4 17. exf4 Nf6 18. Qe5 Ne4 19. Qh5 Qh7 20. Qg4+ Kf7 21. Rh3 Qg7 22. Qf3 Rh8 23. Rxh8 Qxh8 24. Na3 Bd7 25. Nc2 Qh7 26. Ne3 Rh8 27. Ng4 Ke7 28. h3 Rf8 29. Qe3 Qh4 30. Ne5 Be8 31. Rf1 Rg8 32. Nf3 Qxh3 0-1

[Event "Crema op 04th"]
[Site "Crema"]
[Date "2002.09.06"]
[Round "2"]
[White "Pagliari, Franco"]
[Black "Gardon, Ermanno"]
[Result "0-1"]
[WhiteElo "1500"]
[BlackElo "2108"]
[PlyCount "62"]
[EventDate "2002.09.06"]
[EventType "swiss"]
[EventRounds "6"]
[EventCountry "ITA"]
[SourceTitle "EXT 2007"]
[Source "ChessBase"]
[SourceDate "2006.11.23"]
[SourceVersion "1"]
[SourceVersionDate "2006.11.23"]
[SourceQuality "1"]

1. e4 e5 2. Nf3 Nf6 3. Nxe5 d6 4. Nf3 Nxe4 5. Nc3 Nxc3 6. dxc3 Be7 7. Be2 Bf5 8. 0-0 Nc6 9. b3 Bf6 10. Bb2 0-0 11. Rb1 a5 12. c4 Bxb2 13. Rxb2 a4 14. b4 Qf6 15. Rb1 Rfe8 16. Qd2 h6 17. b5 Ne5 18. Nxe5 Qxe5 19. Bf3 Be4 20. Rfe1 Qf5 21. Bxe4 Rxe4 22. Qd3 Rae8 23. Re3 Rxe3 24. fxe3 Qxd3 25. cxd3 Rxe3 26. d4 Re2 27. c5 dxc5 28. dxc5 Rxa2 29. c6 bxc6 30. bxc6 Rc2 31. Rb4 a3 0-1

[Event "Rome Steinitz op 1st"]
[Site "Rome"]
[Date "2002.07.07"]
[Round "4"]
[White "Medori, Marco"]
[Black "Gardon, Ermanno"]
[Result "0-1"]
[WhiteElo "1723"]
[BlackElo "2108"]
[PlyCount "56"]
[EventDate "2002.07.05"]
[EventType "swiss"]
[EventRounds "5"]
[EventCountry "ITA"]
[SourceTitle "EXT 2007"]
[Source "ChessBase"]
[SourceDate "2006.11.23"]
[SourceVersion "1"]
[SourceVersionDate "2006.11.23"]
[SourceQuality "1"]

1. e4 e5 2. Nf3 Nf6 3. Nxe5 d6 4. Nf3 Nxe4 5. d4 d5 6. Bd3 Bd6 7. 0-0 0-0 8. c4 c6 9. Nc3 Re8 10. Bxe4 dxe4 11. Ng5 Bf5 12. Qh5 Bg6 13. Qg4 f5 14. Qd1 Nd7 15. c5 Bc7 16. Qb3+ Kh8 17. Qxb7 h6 18. Nh3 Re6 19. Bf4 Bxf4 20. Nxf4 Rf6 21. b4 Rb8 22. Qxa7 Rxb4 23. d5 Rc4 24. dxc6 Rxc6 25. Rfd1 Be8 26. Rab1 Rxc3 27. h3 R3xc5 28. Rb8 Qxb8 0-1

[Event "Rome Steinitz op 1st"]
[Site "Rome"]
[Date "2002.07.05"]
[Round "1"]
[White "Gardon, Ermanno"]
[Black "Vanzan, Alessandro"]
[Result "1-0"]
[WhiteElo "2108"]
[BlackElo "1558"]
[PlyCount "69"]
[EventDate "2002.07.05"]
[EventType "swiss"]
[EventRounds "5"]
[EventCountry "ITA"]
[SourceTitle "EXT 2007"]
[Source "ChessBase"]
[SourceDate "2006.11.23"]
[SourceVersion "1"]
[SourceVersionDate "2006.11.23"]
[SourceQuality "1"]

1. e4 d6 2. d4 Nf6 3. Nc3 g6 4. Be3 Bg7 5. Qd2 Ng4 6. Bg5 0-0 7. f3 h6 8. Bf4 e5 9. dxe5 Nxe5 10. 0-0-0 Kh7 11. h4 h5 12. g4 hxg4 13. h5 Kg8 14. Bh6 g5 15. Bxg5 f6 16. Bh6 Be6 17. Bxg7 Kxg7 18. f4 Nf7 19. Qg2 Nh6 20. Nge2 f5 21. Nd4 Bd7 22. exf5 Bxf5 23. Bd3 Bd7 24. Qe4 Nf5 25. Rdg1 Qf6 26. Rxg4+ Kh8 27. Nxf5 Qxf5 28. Qxf5 Bxf5 29. Bxf5 Rxf5 30. h6 Rf7 31. Nd5 c6 32. Rg7 Rf8 33. Nc7 Na6 34. Nxa8 Rxa8 35. Rhg1 1-0

[Event "UISP-ch 21st"]
[Site "Palermo"]
[Date "2000.12.07"]
[Round "3"]
[White "Genovese, Maurizio"]
[Black "Gardon, Ermanno"]
[Result "1-0"]
[WhiteElo "2285"]
[BlackElo "2109"]
[PlyCount "51"]
[EventDate "2000.12.??"]
[EventType "swiss"]
[EventRounds "7"]
[EventCountry "ITA"]
[SourceTitle "EXT 2005"]
[Source "ChessBase"]
[SourceDate "2004.11.15"]
[SourceVersion "1"]
[SourceVersionDate "2004.11.15"]
[SourceQuality "1"]

1. d4 Nf6 2. c4 c5 3. d5 b5 4. Qc2 Bb7 5. e4 bxc4 6. Nc3 d6 7. Bxc4 Nbd7 8. Nf3 g6 9. b3 Bg7 10. Bb2 Nb6 11. 0-0 0-0 12. Rfe1 Rb8 13. Bf1 Qc8 14. Rad1 Rd8 15. Nb5 a6 16. Na3 a5 17. Bc3 Ba6 18. Nc4 Bxc4 19. bxc4 Qa6 20. e5 dxe5 21. Nxe5 Rb7 22. Rb1 Ne8 23. Rb5 Nd7 24. Nc6 Rxb5 25. cxb5 Qb6 26. Bxa5 1-0

[Event "Castellaneta op 4th"]
[Site "Castellaneta"]
[Date "2000.08.29"]
[Round "2"]
[White "Safranska, Anda"]
[Black "Gardon, Ermanno"]
[Result "1-0"]
[WhiteElo "2337"]
[BlackElo "2081"]
[PlyCount "61"]
[EventDate "2000.08.??"]
[EventType "swiss"]
[EventRounds "6"]
[EventCountry "ITA"]
[SourceTitle "EXT 2005"]
[Source "ChessBase"]
[SourceDate "2004.11.15"]
[SourceVersion "1"]
[SourceVersionDate "2004.11.15"]
[SourceQuality "1"]

1. e4 e6 2. d4 c5 3. Nf3 cxd4 4. Nxd4 Nf6 5. Bd3 Nc6 6. c3 Bc5 7. Nb3 Bb6 8. h3 d5 9. exd5 Qxd5 10. 0-0 0-0 11. Qe2 Qe5 12. Re1 Qxe2 13. Rxe2 Rd8 14. Bc2 Nd5 15. Na3 a6 16. g3 Ba7 17. Be4 e5 18. Bg2 Bf5 19. Re1 Bd3 20. Bg5 f6 21. Rad1 e4 22. Bc1 Re8 23. Rxd3 exd3 24. Bxd5+ Kf8 25. Rf1 Rad8 26. Bf3 Rd7 27. Nc4 f5 28. Bf4 Re6 29. Kg2 b5 30. Bxc6 Rxc6 31. Ne5 1-0

[Event "ITA-ch sf"]
[Site "Toscana"]
[Date "1999.??.??"]
[Round "5"]
[White "Gazzarri, Alberto"]
[Black "Gardon, Ermanno"]
[Result "1-0"]
[WhiteElo "2210"]
[BlackElo "2130"]
[PlyCount "51"]
[EventDate "1999.11.??"]
[EventType "swiss"]
[EventRounds "6"]
[EventCountry "ITA"]
[SourceTitle "CBM 073 Extra"]
[Source "ChessBase"]
[SourceDate "2000.01.11"]
[SourceVersion "1"]
[SourceVersionDate "2000.01.11"]
[SourceQuality "1"]

1. e4 e6 2. d4 c5 3. c3 d5 4. e5 Nc6 5. Nf3 Nge7 6. Be2 cxd4 7. cxd4 Nf5 8. Nc3 Qb6 9. Na4 Qa5+ 10. Bd2 Bb4 11. Bc3 Bd7 12. a3 Bxc3+ 13. Nxc3 Qb6 14. Na4 Qd8 15. 0-0 a5 16. Kh1 0-0 17. g4 Nh6 18. Rg1 Kh8 19. Nc5 Rc8 20. Qd2 Qc7 21. Rac1 Rcd8 22. Nd3 Qb6 23. Nf4 Ng8 24. Rg3 f6 25. Rh3 fxe5 26. Ng6# 1-0

[Event "ITA-ch sf"]
[Site "Toscana"]
[Date "1999.??.??"]
[Round "1"]
[White "Vezzosi, Paolo"]
[Black "Gardon, Ermanno"]
[Result "1-0"]
[WhiteElo "2329"]
[BlackElo "2130"]
[PlyCount "63"]
[EventDate "1999.11.??"]
[EventType "swiss"]
[EventRounds "6"]
[EventCountry "ITA"]
[SourceTitle "CBM 073 Extra"]
[Source "ChessBase"]
[SourceDate "2000.01.11"]
[SourceVersion "1"]
[SourceVersionDate "2000.01.11"]
[SourceQuality "1"]

1. d4 Nf6 2. Nf3 c5 3. d5 e6 4. c4 exd5 5. cxd5 d6 6. Nc3 g6 7. e4 a6 8. a4 Bg4 9. Qb3 Bxf3 10. Qxb7 Bxg2 11. Bxg2 Nbd7 12. Bh3 Ne5 13. 0-0 g5 14. f4 gxf4 15. Bxf4 Nfd7 16. Rf2 Qb8 17. Bxd7+ Nxd7 18. Qc6 Rg8+ 19. Kh1 Rg6 20. Raf1 Kd8 21. Bg3 f6 22. e5 dxe5 23. Ne4 f5 24. Bh4+ Be7 25. Bxe7+ Kxe7 26. d6+ Ke6 27. Rxf5 Qc8 28. Ng5+ Rxg5 29. Qxc8 Rxc8 30. Rxg5 Kxd6 31. Rg7 Rb8 32. Rd1+ 1-0

[Event "Palocco tt"]
[Site "Palocco"]
[Date "1998.??.??"]
[Round "4"]
[White "Esuperanzi, Gianbattista"]
[Black "Gardon, Ermanno"]
[Result "0-1"]
[WhiteElo "1625"]
[BlackElo "1815"]
[PlyCount "52"]
[EventDate "1998.??.??"]
[EventType "team"]
[EventRounds "6"]
[EventCountry "ITA"]
[SourceTitle "EXT 2001"]
[Source "ChessBase"]
[SourceDate "2000.11.22"]
[SourceVersion "1"]
[SourceVersionDate "2000.11.22"]
[SourceQuality "1"]

1. e4 e6 2. d4 c5 3. Nf3 cxd4 4. Nxd4 Nf6 5. Nc3 Nc6 6. Bc4 Bb4 7. Bg5 Qa5 8. Bxf6 Bxc3+ 9. Kf1 Qc5 10. Bd3 Bxd4 11. Bxd4 Qxd4 12. Qg4 d5 13. Rd1 0-0 14. c3 Qc5 15. exd5 exd5 16. Qh5 g6 17. Qg5 Be6 18. h4 Qe7 19. Qf4 d4 20. h5 Rad8 21. c4 Nb4 22. Bb1 Bxc4+ 23. Kg1 Rd5 24. g4 g5 25. Qd2 Qe2 26. Qxb4 Qxd1+ 0-1

[Event "ITA-ch qf"]
[Site "Italy"]
[Date "1998.??.??"]
[Round "4"]
[White "Ferri, Stefano"]
[Black "Gardon, Ermanno"]
[Result "1-0"]
[WhiteElo "1930"]
[BlackElo "1815"]
[PlyCount "123"]
[EventDate "1998.??.??"]
[EventType "swiss"]
[EventRounds "6"]
[EventCountry "ITA"]
[SourceTitle "EXT 2001"]
[Source "ChessBase"]
[SourceDate "2000.11.22"]
[SourceVersion "1"]
[SourceVersionDate "2000.11.22"]
[SourceQuality "1"]

1. d4 Nf6 2. c4 c5 3. d5 b5 4. cxb5 a6 5. bxa6 Bxa6 6. Nc3 d6 7. g3 g6 8. Bg2 Bg7 9. Nf3 Nbd7 10. 0-0 Nb6 11. Re1 0-0 12. e4 Nfd7 13. Rb1 Nc4 14. Bf1 Qa5 15. Bxc4 Bxc4 16. Bd2 Bd3 17. Rc1 Rfb8 18. b3 Qa6 19. Bf4 c4 20. e5 cxb3 21. axb3 Nc5 22. Nd4 dxe5 23. Bxe5 Bxe5 24. Rxe5 Qd6 25. Re3 e5 26. Nc6 Rxb3 27. Rxd3 Nxd3 28. Qxd3 Qa3 29. Qd2 Rb2 30. Qe1 f6 31. Qd1 Rb3 32. Nb1 Qb2 33. d6 Ra2 34. Qd5+ Kg7 35. Rf1 Qc2 36. Qd1 Rd3 37. Qxc2 Rxc2 38. Nb4 Rcd2 39. Nxd3 Rxd3 40. Rc1 Rxd6 41. Kf1 h6 42. Rc7+ Kg8 43. Ke2 f5 44. Nd2 Ra6 45. f3 Ra2 46. Re7 e4 47. fxe4 fxe4 48. Ke3 Kf8 49. Rd7 Ra5 50. Kxe4 Rh5 51. Nf3 Rf5 52. Nh4 Rg5 53. Rd5 Rg4+ 54. Kf3 Ra4 55. Nxg6+ Kg7 56. Nf4 Kf6 57. Kg4 Ra2 58. h4 Ra3 59. Rd3 Ra4 60. Kh5 Ra8 61. Rd6+ Kg7 62. Rg6+ 1-0

[Event "Vitinia WE op"]
[Site "Vitinia"]
[Date "1998.??.??"]
[Round "7"]
[White "Ferri, Stefano"]
[Black "Gardon, Ermanno"]
[Result "1-0"]
[WhiteElo "1930"]
[BlackElo "1815"]
[PlyCount "45"]
[EventDate "1998.??.??"]
[EventType "swiss"]
[EventRounds "9"]
[EventCountry "ITA"]
[SourceTitle "EXT 2001"]
[Source "ChessBase"]
[SourceDate "2000.11.22"]
[SourceVersion "1"]
[SourceVersionDate "2000.11.22"]
[SourceQuality "1"]

1. d4 e6 2. c4 Nf6 3. Nf3 d5 4. Nc3 c5 5. cxd5 exd5 6. g3 Nc6 7. Bg2 Be7 8. 0-0 0-0 9. Bf4 Be6 10. Rc1 Rc8 11. dxc5 Bxc5 12. Ng5 Be7 13. Nxe6 fxe6 14. Bh3 Kf7 15. Re1 Qb6 16. e4 d4 17. e5 dxc3 18. exf6 Rcd8 19. Qh5+ Kg8 20. Bxe6+ Kh8 21. fxg7+ Kxg7 22. Rxc3 Nd4 23. Qh6+ 1-0